| 000 | 00381nam a22001451a 4500 | ||
|---|---|---|---|
| 999 |
_c27441 _d27441 |
||
| 082 |
_aM301 _bSRE/M |
||
| 100 | _aSreelekha R | ||
| 245 |
_aManassile mazhavillu/ _cby Sreelekha R |
||
| 260 |
_aKottayam: _bSahitya Pravartaka Co-operative Society, _c2000. |
||
| 300 | _a124p. | ||
| 650 | _aStories Malayalam | ||
| 650 | _aLiterature Malayalam | ||
| 650 | _aLiterature | ||
| 942 | _cBK | ||